Documentos para la Historia del Monasterio de San Lorenzo el Real de El Escorial. (Record n. 32260)

Dettagli MARC
000 -LEADER
fixed length control field 01132nam a2200205 i 4500
003 - CONTROL NUMBER IDENTIFIER
control field IT-RoINE
005 - DATE AND TIME OF LATEST TRANSACTION
control field 20191114062039.0
008 - FIXED-LENGTH DATA ELEMENTS--GENERAL INFORMATION
fixed length control field 900725s1962 sp r | spa d
245 00 - TITLE STATEMENT
Title Documentos para la Historia del Monasterio de San Lorenzo el Real de El Escorial.
Name of part/section of a work VI.
260 ## - PUBLICATION, DISTRIBUTION, ETC. (IMPRINT)
Place of publication, distribution, etc Madrid :
Name of publisher, distributor, etc Imprenta del Real Monasterio,
Date of publication, distribution, etc 1962.
300 ## - PHYSICAL DESCRIPTION
Extent 141 p. ;
Dimensions 24 cm.
336 ## - CONTENT TYPE
Source rdacontent
Content type term text
337 ## - MEDIA TYPE
Source rdamedia
Media type term unmediated
338 ## - CARRIER TYPE
Source rdacarrier
Carrier type term volume
505 0# - FORMATTED CONTENTS NOTE
Miscellaneous information 1. Descripción de la Octava Maravilla del Mundo / edición, prólogo y notas por Gregorio de Andrés -- 2. Historia de la Santa Forma que se venera en la sacristía del Real Monasterio del Escorial y de su traslación ; Función católica y real celebrada en el Real Monasterio de S. Lorenzo, única maravilla del mundo: año de 1690 / edición, prólogo y notas por Benito Mediavilla O.S.A.
610 24 - SUBJECT ADDED ENTRY--CORPORATE NAME
9 (RLIN) 24857
Corporate name or jurisdiction name as entry element Monasterio de El Escorial (San Lorenzo de El Escorial, España)
General subdivision Historia
-- Fuentes
700 1# - ADDED ENTRY--PERSONAL NAME
Personal name Andrés, Gregorio de,
Titles and other words associated with a name O.S.A.,
Dates associated with a name 1919-2005
9 (RLIN) 9849
700 1# - ADDED ENTRY--PERSONAL NAME
9 (RLIN) 63257
Personal name Mediavilla Martín, Benito,
Titles and other words associated with a name O.S.A.,
Dates associated with a name 1934-
942 ## - ADDED ENTRY ELEMENTS (KOHA)
Item type Monografías
Dati di copia
Withdrawn status Lost status Damaged status Not for loan Home library Current library Date acquired Total Checkouts Full call number Barcode Date last seen Price effective from Koha item type Public note
        Iglesia Nacional Española en Roma Iglesia Nacional Española en Roma 09/10/2019   FUE.HIS.ECL 91.6 59093 09/10/2019 09/10/2019 Monografías VI